Preplantación de frutales; sucesión de cultivos y su patología /

Guardado en:
Autor Principal: Duran, Sebastian
Formato: Libro
Publicado: Barcelona : Aedos, 1976
Materias:
Etiquetas: Agregar Etiqueta
Sin Etiquetas, Sea el primero en etiquetar este registro!
LEADER 00554nam a22001935a 4500
001 CEM.cems002178
005 20060216000000.0
008 130507s1976##################000#0#####d
003 CEMS
082 0 4 |a 634 
100 1 |a Duran, Sebastian 
245 1 0 |a Preplantación de frutales; sucesión de cultivos y su patología / 
260 |a Barcelona :  |b Aedos,  |c 1976 
300 |a 332 p. 
653 |a Agricultura 
653 |a Fruticultura 
653 |a Herbicidas-frutales 
653 |a Injertos frutales 
859 |a CEMS  |b BIB. CEMS - 11 de abril  |h 634  |i D93  |p 10944.82  |t Ej.1